000 003040000a22001450004500
003 MACL
040 _aMACL
090 _c1724
_d1724
100 _aEaswaran, Eknath
245 _aThe Upanishads
260 _aNew Delhi
_bPenguin Books
_c1988
350 _a200
650 _aReligion
942 _cBOOK
_k294.592
999 _c1711
_d1711